| 000 -ლიდერი |
| ფიქსირებული სიგრძის საკონტროლო ველი |
00821nam a2200217Ia 4500 |
| 001 - საკონტროლო ნომერი |
| საკონტროლო ველი |
2268 |
| 003 - საკონტროლო ნომრის იდენტიფიკატორი |
| საკონტროლო ველი |
GE_BSU |
| 005 - ბოლო ოპერაციის თარიღი და დრო |
| საკონტროლო ველი |
20190501172343.0 |
| 008 - ფიქსირებული სიგრძის მონაცემთა ელემენტები - ზოგადი ინფორმაცია |
| ფიქსირებული სიგრძის საკონტროლო ველი |
181216s1998||||ge |||||||||||||| ||geo|| |
| 040 ## - კატალოგიზაციის წყარო |
| Transcribing agency |
GE_BSU |
| 041 ## - ენის კოდი |
| Language code of text/sound track or separate title |
geo |
| 080 ## - უნივერსალური ათობითი კლასიფიკაციის ინდექსი |
| Universal Decimal Classification number |
57(075.8) ა–17 |
| 100 ## - მთავარი ჩანაწერი - პიროვნების სახელი |
| Personal name |
აბზიანიძე, ე. |
| 9 (RLIN) |
544 |
| 245 ## - ცნობა სათაურის შესახებ |
| Title |
ბიოლოგია : |
| Remainder of title |
თსსუ სტუდენტებისათვის / |
| Statement of responsibility, etc |
აბზიანიძე, ე; იმნაძე, ე; რედ მ. ჭიპაშვილი. |
| 264 ## - წარმოების, გამოცემის, დისტრიბუციის და სხვა ცნობები |
| გამოცემის, წარმოების, დისტრიბუციის... ადგილი |
თბილისი; |
| გამოცემის, წარმოების, დისტრიბუციის... თარიღი |
1998. |
| 300 ## - ფიზიკური აღწერა |
| Extent |
78 გვ.; |
| Other physical details |
19 სმ. |
| 653 ## - INDEX TERM--UNCONTROLLED |
| Uncontrolled term |
ბიოლოგია |
| 700 ## - ADDED ENTRY--PERSONAL NAME |
| Personal name |
იმნაძე, ე. |
| Relator term |
ავტორი |
| 9 (RLIN) |
614 |
| 700 ## - ADDED ENTRY--PERSONAL NAME |
| Personal name |
ჭიპაშვილი, მ. |
| Relator term |
რედაქტორი |
| 9 (RLIN) |
615 |
| 942 ## - ADDED ENTRY ELEMENTS (KOHA) |
| Koha item type |
წიგნი |
| Source of classification or shelving scheme |
|